01294 2200373 4500001002100000005001500021035002000036007000300056008004100059020002200100082001400122084001600136100003200152245019100184300004200375650004300417700002700460700003800487700003300525700003300558700003500591700003500626504002900661264003600690336002100726337003000747338002300777040002200800850001200822090002000834090002200854999002200876990002200898INLIS00000000085583920200701120946 a0010-0720000052ta200701s2019 yoia d | ind d a978-979-28-2996-904223a420.7 a420.7 CIC b0 aCicik KurniawatiePengarang10aBahasa Inggris untuk SMK/MAK :bkelas XII /cCicik Kurniawati, Susiningsih, Prasetya Adhi Wardhana; penyunting, Bachtiar Bima M., Deby Selvia R.N., Sonny Irawan Putra, Yuniarti Dwi Arini avi, 178 halaman :bilustrasi ;c28 cm 4aBahasa Inggris--xStudi dan pengajaran0 aSusiningsihePengarang0 aPrasetya Adhi WardhanaePengarang0 aBachtiar Bima M.ePenyunting0 aDeby Selvia R.N.ePenyunting0 aSonny Irawan PutraePenyunting0 aYuniarti Dwi AriniePenyunting aBibliografi: halaman 17031aBantul :bIntan Pariwara,c2019 2rdacontentateks 2rdamediaatanpa perantara 2rdacarrieravolume aYOPDYOGbinderda aYOPDYOG aDEP 420.7 CIC b aCB-D.11 2019-2719 aCB-D.11/2019-2719 aCB-D.11/2019-2719